| Tag |
First Indicator |
Second Indicator |
Subfields |
| LEADER |
00000cas a2200000 a 4500 |
| 001 |
in00001560813 |
| 005 |
20151022070236.0 |
| 008 |
840808d19541990cs arz 0 b0cze d |
| 010 |
|
|
|a sn 86009921
|
| 022 |
|
|
|a 0577-3725
|
| 035 |
|
|
|a (OCoLC)ocm11033182
|
| 040 |
|
|
|a EMU
|c EMU
|d AIP
|d IUL
|d NST
|d DLC
|d IUL
|d TXA
|d UtOrBLW
|
| 041 |
0 |
|
|a cze
|b fre
|b rus
|f fre
|f rus
|
| 042 |
|
|
|a nsdp
|a lcd
|
| 043 |
|
|
|a e-cs---
|a e-xr---
|
| 049 |
|
|
|a TXAE
|
| 050 |
|
4 |
|a DB191
|b .S35
|
| 130 |
0 |
|
|a Sborník historický (Prague, Czech Republic : 1954)
|
| 210 |
0 |
|
|a Sb. hist.
|
| 222 |
|
0 |
|a Sborník historický
|
| 245 |
1 |
0 |
|a Sborník historický.
|
| 264 |
|
1 |
|a Praha :
|b Nakl. Československé akademie věd,
|c 1954-
|
| 300 |
|
|
|a 36 volumes :
|b illustrations ;
|c 25 cm.
|
| 310 |
|
|
|a Annual
|
| 336 |
|
|
|a text
|b txt
|2 rdacontent
|
| 337 |
|
|
|a unmediated
|b n
|2 rdamedia
|
| 338 |
|
|
|a volume
|b nc
|2 rdacarrier
|
| 362 |
0 |
|
|a 2 (1954)-
|
| 362 |
1 |
|
|a Ceased with v. 37, published in 1990.
|z Cf. Letter from Narodni knihovna.
|
| 510 |
2 |
|
|a America, history and life
|x 0002-7065
|b 1966-
|
| 510 |
2 |
|
|a Historical abstracts. Part A. Modern history abstracts
|x 0363-2717
|b 1966-
|
| 510 |
2 |
|
|a Historical abstracts. Part B. Twentieth century abstracts
|x 0363-2725
|b 1966-
|
| 546 |
|
|
|a Tables of contents also in Russian and French; summaries in Russian and French.
|
| 550 |
|
|
|a Issued by: Československé akademie věd, 1961- ; by its Historický ústav, 1954-1960.
|
| 650 |
|
0 |
|a History
|v Periodicals.
|
| 651 |
|
0 |
|a Czechoslovakia
|x History
|x Periodicals.
|
| 651 |
|
0 |
|a Bohemia (Czech Republic)
|x History
|x Periodicals.
|
| 710 |
2 |
|
|a Československá akademie věd.
|
| 710 |
2 |
|
|a Historický ústav (Československá akademie věd)
|
| 780 |
0 |
0 |
|t Historický sborník (Prague, Czechoslovakia)
|w (OCoLC)13356847
|
| 850 |
|
|
|a InU
|a PU
|
| 994 |
|
|
|a E0
|b TXA
|
| 948 |
|
|
|a cataloged
|b h
|c 2000/8/31
|d c
|e bstringf
|f 7:12:43 am
|
| 999 |
|
|
|a MARS
|
| 999 |
f |
f |
|s 0d8f5987-865c-3fc8-a4cb-7fabb472a47c
|i 1b2fe6c1-84fd-343a-9fe2-3f0af6c8c530
|t 0
|
| 952 |
f |
f |
|p ric
|a Texas A&M University
|b Rellis Campus
|c Joint Library Facility
|d Remote Storage
|t 0
|e DB191 .S35
|h Library of Congress classification
|i unmediated -- volume
|k 14
|l 1966
|m A14826712119
|
| 952 |
f |
f |
|p ric
|a Texas A&M University
|b Rellis Campus
|c Joint Library Facility
|d Remote Storage
|t 0
|e DB191 .S35
|h Library of Congress classification
|i unmediated -- volume
|k 17
|l 1970
|m A14826712088
|
| 952 |
f |
f |
|p ric
|a Texas A&M University
|b Rellis Campus
|c Joint Library Facility
|d Remote Storage
|t 0
|e DB191 .S35
|h Library of Congress classification
|i unmediated -- volume
|k 6
|l 1959
|m A14826711993
|
| 952 |
f |
f |
|p ric
|a Texas A&M University
|b Rellis Campus
|c Joint Library Facility
|d Remote Storage
|t 0
|e DB191 .S35
|h Library of Congress classification
|i unmediated -- volume
|k 20
|l 1973
|m A14826712054
|
| 952 |
f |
f |
|p ric
|a Texas A&M University
|b Rellis Campus
|c Joint Library Facility
|d Remote Storage
|t 0
|e DB191 .S35
|h Library of Congress classification
|i unmediated -- volume
|k 19
|l 1972
|m A14826712062
|
| 952 |
f |
f |
|p ric
|a Texas A&M University
|b Rellis Campus
|c Joint Library Facility
|d Remote Storage
|t 0
|e DB191 .S35
|h Library of Congress classification
|i unmediated -- volume
|k 7
|l 1960
|m A14826712004
|
| 952 |
f |
f |
|p ric
|a Texas A&M University
|b Rellis Campus
|c Joint Library Facility
|d Remote Storage
|t 0
|e DB191 .S35
|h Library of Congress classification
|i unmediated -- volume
|k 13
|l 1965
|m A14826712127
|
| 952 |
f |
f |
|p ric
|a Texas A&M University
|b Rellis Campus
|c Joint Library Facility
|d Remote Storage
|t 0
|e DB191 .S35
|h Library of Congress classification
|i unmediated -- volume
|k 18
|l 1971
|m A14826712070
|
| 952 |
f |
f |
|p ric
|a Texas A&M University
|b Rellis Campus
|c Joint Library Facility
|d Remote Storage
|t 0
|e DB191 .S35
|h Library of Congress classification
|i unmediated -- volume
|k 8
|l 1961
|m A14826712012
|
| 952 |
f |
f |
|p ric
|a Texas A&M University
|b Rellis Campus
|c Joint Library Facility
|d Remote Storage
|t 0
|e DB191 .S35
|h Library of Congress classification
|i unmediated -- volume
|k 12
|l 1964
|m A14826712135
|
| 952 |
f |
f |
|p ric
|a Texas A&M University
|b Rellis Campus
|c Joint Library Facility
|d Remote Storage
|t 0
|e DB191 .S35
|h Library of Congress classification
|i unmediated -- volume
|k 11
|l 1963
|m A14826712143
|
| 952 |
f |
f |
|p ric
|a Texas A&M University
|b Rellis Campus
|c Joint Library Facility
|d Remote Storage
|t 0
|e DB191 .S35
|h Library of Congress classification
|i unmediated -- volume
|k 10
|l 1962
|m A14826712038
|
| 952 |
f |
f |
|p ric
|a Texas A&M University
|b Rellis Campus
|c Joint Library Facility
|d Remote Storage
|t 0
|e DB191 .S35
|h Library of Congress classification
|i unmediated -- volume
|k 3
|l 1955
|m A14826711969
|
| 952 |
f |
f |
|p ric
|a Texas A&M University
|b Rellis Campus
|c Joint Library Facility
|d Remote Storage
|t 0
|e DB191 .S35
|h Library of Congress classification
|i unmediated -- volume
|k 16
|l 1968
|m A14826712096
|
| 952 |
f |
f |
|p ric
|a Texas A&M University
|b Rellis Campus
|c Joint Library Facility
|d Remote Storage
|t 0
|e DB191 .S35
|h Library of Congress classification
|i unmediated -- volume
|k 2
|l 1954
|m A14826712046
|
| 952 |
f |
f |
|p ric
|a Texas A&M University
|b Rellis Campus
|c Joint Library Facility
|d Remote Storage
|t 0
|e DB191 .S35
|h Library of Congress classification
|i unmediated -- volume
|k 15
|l 1967
|m A14826712101
|
| 952 |
f |
f |
|p ric
|a Texas A&M University
|b Rellis Campus
|c Joint Library Facility
|d Remote Storage
|t 0
|e DB191 .S35
|h Library of Congress classification
|i unmediated -- volume
|k 5
|l 1957
|m A14826711985
|
| 952 |
f |
f |
|p ric
|a Texas A&M University
|b Rellis Campus
|c Joint Library Facility
|d Remote Storage
|t 0
|e DB191 .S35
|h Library of Congress classification
|i unmediated -- volume
|k 9
|l 1962
|m A14826712020
|
| 952 |
f |
f |
|p ric
|a Texas A&M University
|b Rellis Campus
|c Joint Library Facility
|d Remote Storage
|t 0
|e DB191 .S35
|h Library of Congress classification
|i unmediated -- volume
|k 4
|l 1956
|m A14826711977
|
| 998 |
f |
f |
|a DB191 .S35
|s 2 (1954)-20 (1973)
|t 0
|l Remote Storage
|